| 000 | 00618nam a2200217Ia 4500 | ||
|---|---|---|---|
| 005 | 20250508164623.0 | ||
| 008 | 008 250505s9999 xx 000 0 eng d | ||
| 020 | _a978-81-89833-55-8 | ||
| 037 | _aTextual | ||
| 040 |
_aFEDL _beng _cFEDL |
||
| 041 |
_aeng _2eng |
||
| 084 |
_a335.4, RAN _qFEDL |
||
| 100 | _aRandhir Singh | ||
| 245 | 0 | _aMarxism, socialism, Indian politics: A view from the left | |
| 260 |
_aDelhi, India _bAakar Books _c2008 |
||
| 300 | _a455p. | ||
| 365 |
_aINR _b66 |
||
| 650 |
_aMarxism; Politics - India _9778636 |
||
| 942 |
_cTEXL _h335.4, RAN |
||
| 999 |
_c1390169 _d1390169 |
||